000 00509ntaaa2200193 4500
003 01
005 20251027202708.0
008 0714s1973 ag 01
040 _aAR-BaBN
_bspa
_cAR-BaBN
_eaacr
_dRIC
082 _a487.0400 C35
100 _aChamberlain, William Douglas
_915826
245 _aAn exegetical grammar of the greek New Testament
250 _a1 ed.
260 _aNew York :
_bMacmillan Company,
_c1957
300 _a233 p
650 _agriego
_99735
650 _agramática griega
942 _cBK
999 _c22107
_d22107